[Event "XLIV Sevilla Open 2019"]
[Site "Sevilla"]
[Date "2019.01.11"]
[Round "1"]
[White "Arias Castanedo, Jacinto"]
[Black "Ibarra Jerez, Jose Carlos"]
[Result "0-1"]
[WhiteElo "1792"]
[BlackElo "2558"]
[Annotator "TA"]
[PlyCount "42"]
[EventDate "2019.01.11"]
[EventType "swiss"]
[EventCountry "ESP"]
[SourceTitle "playchess.com"]
[Source "ChessBase"]
[SourceQuality "1"]

{[%evp 13,42,0,0,-11,16,7,15,16,15,-45,-48,-82,-81,-95,-85,-307,-227,-236,-230,-245,-226,-247,-223,-246,-243,-512,-515,-662,-654,-652,-647]} 1. Nf3 Nf6 2. b3 d6 3. Bb2 e5 4. e3 {[%cal Be2e3,Be3d4][%mdl 32]} g6 5. c4 Bg7 6. Be2 O-O 7. O-O c5 {LiveBook: 5 Games. A15: English Opening: 1...Nf6} 8. d4 cxd4 9. exd4 e4 {The position is equal.} 10. Ne1 d5 11. f3 $146 (11. Nc2 $11) ({Predecessor:} 11. Nc2 Nc6 12. Nc3 Re8 13. Qd2 Be6 14. Rad1 Qd7 {1-0 (32) Anand,V (2803)-Lagno,K (2523) Berlin 2015}) 11... Nc6 12. fxe4 Nxe4 13. Bf3 Re8 {Threatens to win with ...dxc4.} 14. c5 $2 {[#]} (14. cxd5 $17 {keeps fighting.} Qxd5 15. Nc2) 14... Nxc5 15. Na3 Bf5 {Hoping for ...Rxe1!} 16. Nac2 Ne6 {[%cal Bc5e6,Be6g5,Bg5f3][%mdl 32]} 17. Qd2 Ng5 18. Rd1 Rc8 19. Ne3 $2 (19. Ra1 {might work better.}) 19... Bh6 $19 {Black is clearly winning.} 20. Kh1 Nxf3 21. Rxf3 {[#]} Bg4 $1 {[%mdl 512] Precision: White = 29%, Black = 82%.} 0-1

[Event "XLIV Sevilla Open 2019"]
[Site "Sevilla"]
[Date "2019.01.11"]
[Round "1"]
[White "Gonzalez Pineda, Manuel"]
[Black "Saric, Ante"]
[Result "0-1"]
[WhiteElo "1789"]
[BlackElo "2536"]
[Annotator "TA"]
[PlyCount "70"]
[EventDate "2019.01.11"]
[EventType "swiss"]
[EventCountry "ESP"]
[SourceTitle "playchess.com"]
[Source "ChessBase"]
[SourceQuality "1"]

{[%evp 15,70,16,19,-21,28,-14,-11,-17,-17,-23,-20,-22,-12,-43,-14,-14,-14,-24,-24,-27,-32,-23,-20,-16,-6,-54,-52,-39,-43,-38,-33,-32,0,0,0,0,10,-12,-14,-15,10,-7,-5,-12,23,-8,2,0,0,-19,-25,-135,-123,-129,-120,-348,-337]} 1. Nf3 c5 2. c4 g6 3. g3 Bg7 4. Nc3 b6 5. Bg2 Bb7 6. O-O Nc6 7. Rb1 {A37: Symmetrical English vs ...g6: 4 Bg2 Bg7 5 Nf3} (7. e3 Bxc3 8. bxc3 f5 9. d4 Nf6 10. d5 Na5 11. Nd2 O-O 12. e4 fxe4 13. Re1 e6 14. Nxe4 Nxe4 15. Rxe4 {1-0 (29) Ponomariov,R (2715)-Short,N (2655) Madrid 2016}) 7... d6 8. d3 Qd7 {LiveBook: 4 Games} 9. Re1 $146 {The position is equal.} ({Predecessor:} 9. a3 Bxc3 10. bxc3 f5 11. e4 Nf6 12. exf5 gxf5 13. Bg5 Ng4 14. d4 O-O-O 15. h3 {½-½ (47) Mensch,E (2366)-Bauer,C (2612) Biel 2010}) 9... Nh6 {[%cal Bg8h6,Bh6f5,Bf5d4][%mdl 32]} 10. Bg5 Nf5 11. e4 Nfd4 12. Nd5 h6 13. Bd2 e6 14. Ne3 Ne5 15. Nxe5 dxe5 16. b4 cxb4 17. Bxb4 h5 18. c5 b5 19. Nc2 a5 {[#] ...Nxc2 is the strong threat.} 20. Bc3 O-O 21. Qd2 Nxc2 22. Qxc2 Rfc8 23. Bd2 Bc6 24. a3 Rd8 25. Bf1 Qe8 26. Qb2 Qe7 27. Qc1 Rdb8 28. Qc3 h4 29. Be3 f5 30. Qc1 Bf6 31. Bd2 Kf7 32. Bc3 hxg3 33. fxg3 (33. hxg3 $11 g5 34. Bg2) 33... Qxc5+ $17 34. Kh1 Rh8 {[#] ( -> ...Rxh2+!)} 35. Rb2 $2 (35. Qb2 $17) 35... Qxa3 {Accuracy: White = 22%, Black = 55%.} 0-1

[Event "XLIV Sevilla Open 2019"]
[Site "Sevilla"]
[Date "2019.01.11"]
[Round "1"]
[White "Cruz Rodriguez, Israel"]
[Black "Del Rio De Angelis, Salvador G."]
[Result "0-1"]
[WhiteElo "1784"]
[BlackElo "2501"]
[Annotator "TA"]
[PlyCount "34"]
[EventDate "2019.01.11"]
[EventType "swiss"]
[EventCountry "ESP"]
[SourceTitle "playchess.com"]
[Source "ChessBase"]
[SourceQuality "1"]

{[%evp 13,34,0,0,-62,-62,-108,-100,-105,-86,-193,-152,-156,-183,-413,-408,-599,-491,-1341,-1338,-1366,-1349,-1917,-1910]} 1. Nf3 d5 2. b3 c5 3. Bb2 f6 4. e3 e5 5. d4 cxd4 6. exd4 e4 {A06: Réti Opening:1 Nf3 d5} 7. Nfd2 f5 {LiveBook: 11 Games} 8. g3 $146 (8. c4 $1 $11) ({Predecessor:} 8. c4 Nf6 9. Nc3 Be6 10. c5 Nc6 11. Na4 f4 12. Qe2 Be7 13. g3 O-O 14. gxf4 {0-1 (49) Sochacki,C (2471)-Zubov,A (2623) Paris 2017}) 8... Nf6 {[%cal Bg8f6,Bf6h5,Bh5f4,Bf4d3][%mdl 32] Black is slightly better.} 9. Nc3 Nc6 10. Ne2 Bd6 11. c3 (11. Bg2 $17 {might work better.}) 11... O-O 12. Bg2 f4 13. gxf4 $2 {[#]} (13. Nxf4 Bg4 14. f3 exf3 15. Bxf3 Bxf4 16. gxf4) 13... Nh5 $19 14. Nf1 (14. h3 $142 Qh4 15. Rf1) 14... Bg4 {Black is clearly winning.} 15. h3 (15. Bc1 $142 Nxf4 16. Bxf4 Bxf4 17. h3) 15... Bxe2 16. Qxe2 Nxf4 17. Qg4 Nd3+ {Precision: White = 12%, Black = 96%.} 0-1

[Event "XLIV Sevilla Open 2019"]
[Site "Sevilla"]
[Date "2019.01.11"]
[Round "1"]
[White "Barrero Ortega, Abraham"]
[Black "Li, Di"]
[Result "0-1"]
[WhiteElo "1770"]
[BlackElo "2488"]
[Annotator "TA"]
[PlyCount "58"]
[EventDate "2019.01.11"]
[EventType "swiss"]
[EventCountry "ESP"]
[SourceTitle "playchess.com"]
[Source "ChessBase"]
[SourceQuality "1"]

{[%evp 16,58,0,0,0,-161,2,-118,-124,-122,-101,-141,-125,-109,-117,-151,-163,-168,-142,-183,-182,-181,-174,-212,-168,-212,-183,-253,-232,-337,-340,-339,-316,-321,-316,-338,-323,-310,-307,-298,-269,-256,-243,-711,-701]} 1. e4 e5 2. Nf3 Nc6 3. Bb5 Nf6 4. d3 Bc5 5. c3 O-O 6. O-O d5 7. Nbd2 dxe4 8. dxe4 Qe7 9. h3 {LiveBook: 4 Games. C00: French: Unusual White 2nd moves} a5 10. Re1 $146 {[#]} (10. a4 $11) ({Predecessor:} 10. a4 Nb8 11. Re1 Rd8 12. Qc2 Nbd7 13. Bf1 b6 14. Nc4 Ba6 15. Bg5 h6 16. Bh4 Bxc4 17. Bxc4 Nf8 18. Bg3 Ng6 19. Nh4 Nxh4 20. Bxh4 Rd7 {½-½ (20) Almasi,Z (2695)-Jakovenko,D (2747) Germany 2015}) 10... Nb8 $2 (10... Bxf2+ $1 $19 {[%mdl 512]} 11. Kxf2 Qc5+ {[%mdl 64] Double Attack} 12. Re3 Qxb5) 11. Qc2 {[#]} (11. Qe2 $11 {remains equal.}) 11... Bxf2+ $1 $17 {[%mdl 576] Decoy} 12. Kxf2 {a4 is the strong threat.} Qc5+ {[%mdl 64] Double Attack} 13. Re3 {Threatens to win with a4.} Qxb5 14. a4 Qc5 15. Nb3 Qe7 16. Bd2 Nbd7 17. Rf1 b6 18. Kg1 Ba6 19. Rf2 Ne8 20. Nh2 Nd6 21. Rg3 (21. Bc1 $142) 21... Kh8 22. Ng4 (22. Bg5 $142 Qe6 23. Nd2) 22... Bb7 $19 23. Re2 Rae8 24. Nf2 Qe6 25. Bg5 f6 26. Bc1 Qc4 27. Na1 Qa2 28. c4 Nc5 ({Resist} 28... Qxc4 29. Qxc4 Nxc4 30. Rc3 $17) (28... Qxa1 29. Ra3 $17) 29. Nd3 $2 (29. Nb3) 29... Bxe4 {Accuracy: White = 29%, Black = 57%.} ({Weaker is} 29... Qxa1 30. Nxc5 bxc5 31. Ra3 $11) 0-1

[Event "XLIV Sevilla Open 2019"]
[Site "Sevilla"]
[Date "2019.01.11"]
[Round "1"]
[White "Lirio Garcia, Carlos"]
[Black "Krishna C R G"]
[Result "0-1"]
[WhiteElo "1768"]
[BlackElo "2469"]
[Annotator "TA"]
[PlyCount "66"]
[EventDate "2019.01.11"]
[EventType "swiss"]
[EventCountry "ESP"]
[SourceTitle "playchess.com"]
[Source "ChessBase"]
[SourceQuality "1"]

{[%evp 14,66,50,13,20,5,14,0,0,-16,0,-7,4,-38,-39,-50,-30,-84,-88,-101,-95,-153,-122,-147,-143,-184,-170,-200,-177,-177,-174,-246,-187,-214,-184,-177,-174,-182,-182,-214,-197,-249,-261,-255,-247,-255,-254,-233,-232,-329,-322,-322,-315,-318,-306]} 1. c4 f5 2. Nf3 Nf6 3. Nc3 d6 4. d4 g6 5. g3 Bg7 6. Bg2 O-O 7. O-O Nc6 8. Re1 (8. d5 $5 {[%cal Rd5c6]} Na5 9. Qd3 $11) 8... Ne4 {A89: Dutch Defence: Leningrad System: 5 Nf3 0-0 6 0-0 d6 7 Nc3 Nc6} 9. Nxe4 fxe4 10. Ng5 Nxd4 {The position is equal.} 11. Bxe4 c6 12. Bd2 $146 ({Predecessor:} 12. e3 Ne6 13. Nxh7 Kxh7 14. Qh5+ Kg8 15. Bxg6 Rf6 16. Qh7+ {0-1 (42) Arztmann,F (2025)-Neulinger,M (2310) Feffernitz 1997}) 12... e5 {[%cal Be7e5,Be5d4][%mdl 32]} 13. Nf3 Qf6 14. Be3 Be6 15. Bxd4 (15. Rc1 $11 {remains equal.}) 15... exd4 $17 16. Rc1 Rae8 17. Qb3 (17. Qd2 $142) 17... Re7 18. Red1 c5 19. Qd3 Kh8 20. Kg2 Bh6 21. Rc2 Rfe8 22. Nd2 (22. Nxd4 $142 Qxd4 23. Qxd4+ cxd4 24. Rxd4) 22... Bxd2 23. Rdxd2 {[#]} Bxc4 $1 {[%mdl 576] Deflection} 24. Qxc4 {Threatens to win with Bf3.} (24. Rxc4 Rxe4) 24... Rxe4 25. b4 b6 26. Qa6 Qf7 27. a3 (27. Qb5 $142) 27... Rf8 $19 28. f3 Re3 29. Rd3 {intending Rxe3.} Rfe8 30. Rxe3 Rxe3 31. Qc8+ (31. Kf2 {was called for.}) 31... Kg7 {Black has a decisive advantage.} 32. Qc6 Qe7 33. Kf2 Rxa3 {Accuracy: White = 33%, Black = 67%.} 0-1

[Event "XLIV Sevilla Open 2019"]
[Site "Sevilla"]
[Date "2019.01.11"]
[Round "1"]
[White "Rodriguez Leal, Jesus Maria"]
[Black "Das, Arghyadip"]
[Result "0-1"]
[WhiteElo "1754"]
[BlackElo "2431"]
[Annotator "TA"]
[PlyCount "38"]
[EventDate "2019.01.11"]
[EventType "swiss"]
[EventCountry "ESP"]
[SourceTitle "playchess.com"]
[Source "ChessBase"]
[SourceQuality "1"]

{[%evp 9,38,-36,-50,-34,-42,-45,-43,-68,-57,-79,-62,-100,-70,-84,-78,-69,-40,-54,-37,-112,-31,-29,-37,-129,-116,-552,-554,-551,-562,-780,-751]} 1. g3 e5 2. Bg2 d5 3. d3 Nc6 4. Nd2 Nf6 5. e3 Bg4 6. Ne2 {A00: Irregular Openings} Qd7 7. h3 Be6 8. Nb3 $146 {Black is slightly better.} ({Predecessor:} 8. a3 Bd6 9. b3 O-O 10. Bb2 Rfe8 11. c4 dxc4 12. dxc4 Rad8 13. g4 {1-0 (42) Thiering,E (2314)-Nyberg,W (2267) GER email 2006}) 8... h5 9. h4 Bd6 10. e4 O-O-O 11. Bg5 dxe4 12. dxe4 Ne7 {[%cal Bc6e7,Be7f5,Bf5d4][%mdl 32]} 13. Nc3 Qc6 14. Bxf6 (14. Qf3 $15) 14... gxf6 (14... Bb4 $17 15. Bxe5 Rxd1+ 16. Rxd1 f6) 15. Qf3 $15 Bb4 {Threatens to win with ...Bg4.} 16. Qe3 {[#]} (16. O-O $15) 16... Nf5 $1 $36 {[%mdl 2560] Black is in control.} 17. Qf3 $2 {[%mdl 8192]} (17. Qxa7 $17 {was the crucial defense.} Bxc3+ 18. bxc3 Qxc3+ {[%mdl 64] Double Attack} 19. Kf1) (17. exf5 Qxg2) 17... Nd4 $19 {Black is clearly winning.} 18. Nxd4 exd4 ({Weaker is} 18... Rxd4 19. O-O $15) 19. a3 Bg4 {Accuracy: White = 30%, Black = 62%.} (19... Bxc3+ $2 20. bxc3 d3 21. O-O $19) 0-1